000 00572nam a2200205Ia 4500
005 20250508162751.0
008 008 250505s9999 xx 000 0 eng d
020 _a81-208-0388-4
037 _aTextual
040 _aFEDL
_beng
_cFEDL
041 _aeng
_2eng
084 _a181.4, CHA
_qFEDL
100 _aChattopadhyaya D.P.
245 0 _aSri aurobindo and karl marx
260 _aDelhi, India
_bMotilal Banarsi Dass
_c1976
300 _axx,336p.
650 _aOriental Philosophy
_9755543
942 _cTEXL
_h181.4, CHA
999 _c1378585
_d1378585